| 000 | 00493nam a2200169 i 4500 | ||
|---|---|---|---|
| 001 | 46813 | ||
| 003 | ES-MaACL | ||
| 005 | 20230906161442.0 | ||
| 007 | t| | ||
| 008 | 030401s1967 sp ||||1| spa d | ||
| 100 | 1 |
_aConquet, André. _940213 |
|
| 245 | 1 | 0 |
_aCómo aprender a hablar en público / _cAndré Conquet ; versión Roberto Coll. |
| 260 |
_aBarcelona : _bNova Terra, _c[1967] |
||
| 300 |
_a68 p. ; _c22 cm. |
||
| 700 | 1 |
_aColl, Roberto. _939620 |
|
| 852 |
_aES-MaACL _jC-32732 _bR.63755 |
||
| 999 |
_c46813 _d46813 |
||